| 000 | 01752cam a22003977a 4500 | ||
|---|---|---|---|
| 003 | CHAP | ||
| 005 | 20220329140922.0 | ||
| 008 | 971013s1995 r 00010 d | ||
| 010 | _a59814 | ||
| 011 | _a60786 | ||
| 035 | _a64948 | ||
| 040 | _cCHAP | ||
| 082 |
_a338.972 I59 1995 _bOax. |
||
| 110 |
_aInstituto Nacional de Estadística, Geografía e Informática. México _959304 |
||
| 245 | 0 |
_aCuaderno estadístico municipal _b: Oaxaca |
|
| 260 |
_aAguascalientes, Ags. : _bINEGI, _c1995 |
||
| 300 | _av. | ||
| 500 | _aLa biblioteca tiene : v.1 Juchitán de Zaragoza.--v.2 San Pedro Pochutla.--v.3 Tlaxiaco.--v.4 Heróica Ciudad de Tlaxiaco | ||
| 590 |
_aBATCH-UPD _b10 _c20130110 _lUCH01 _h0858 |
||
| 590 |
_aBATCH-UPD _b10 _c20130410 _lUCH01 _h0528 |
||
| 590 |
_aBATCH-UPD _b10 _c20130914 _lUCH01 _h1500 |
||
| 590 |
_aCONVERSION _b10 _c20130109 _lUCH01 _h1332 |
||
| 650 | 1 | 4 |
_aAgricultura _xEstadisticas _zOaxaca. _91462 |
| 650 | 1 | 4 |
_aGanadería _xEstadísticas _zOaxaca. _944720 |
| 650 | 1 | 4 |
_aOaxaca _xCondiciones económicas. _982476 |
| 650 | 1 | 4 |
_aOaxaca _xCondiciones sociales. _982478 |
| 650 | 1 | 4 |
_aOaxaca _xEstadísticas. _982481 |
| 901 | _aBK | ||
| 942 | _cLIBRO | ||
| 949 |
_a338.972 I59 1995 Oax. _bBC _cINEGI _d33724000191532 _eINEGI _fv.1 c.2 _h90754 _i64948 _si _t20.00 |
||
| 949 |
_a338.972 I59 1995 Oax. _bBC _cINEGI _d33724000191540 _eINEGI _fv.2 c.2 _h90755 _i64948 _si _t20.00 |
||
| 949 |
_a338.972 I59 1995 Oax. _bBC _cINEGI _d33724000191557 _eINEGI _fv.4 _h90753 _i64948 _si |
||
| 949 |
_a338.972 I59 1995 Oax. _bBC _cINEGI _d33724000552212 _eINEGI _fv.2 _h90320 _i64948 _si |
||
| 949 |
_a338.972 I59 1995 Oax. _bBC _cINEGI _d33724000552428 _eINEGI _fv.3 _h90321 _i64948 _si |
||
| 949 |
_a338.972 I59 1995 Oax. _bBC _cINEGI _d33724000553814 _eINEGI _fv.1 _h90319 _i64948 _si |
||
| 999 |
_c59814 _d59814 |
||